000 00422nam a22001697a 4500
005 20160624135554.0
008 160624b xxu||||| |||| 00| 0 eng d
020 _a81-297-07770-5
041 _aeng
082 _b9826
100 _aFolperto, Jean and Lay, Stephen
_92671
245 _aThe Media in your life
260 _aDelhi
_bPearson Education
300 _a429
650 _aMass Communication
_92660
942 _cBK
999 _c3848
_d3847